00810nam a2200289Ia 4500001000900000003000500009005001700014008004100031010001100072020001800083040000900101082002800110100002600138245007700164260003100241300001100272440001800283500003500301503000700336650002600343650001300369650001200382650003900394650003700433650002200470700002800492dia_6088CHAP20230720130456.0220117s2006 xx 000 0 und d a177239 a84-413-2186-8 cCHAP a808.849358 M37 P75 2006 aMaquiavelo, Nicolás aEl príncipe /c Nicolás Maquiavelo ; traducción Ángeles Cardona aEspaña :b Folio,c2006 a120 p. aGrandes ideas aTítulo original: Il principe aC. aCiencia política  aEnsayo  aessay  aItalian literaturex16th century  aLiteratura italianaxSiglo XVI  aPolitical science aCardona, Ángeles, tr.